Partially-Recognized Countries - Statistics

General Stats
  • This quiz has been taken 54 times
  • The average score is 8 of 15
Answer Stats
Recognizers Answer % Correct
157 Palestine
85%
11 Taiwan
85%
109 Kosovo
81%
165 Israel
75%
191 North Korea
67%
46 Sahrawi ArabDemocratic Republic
65%
182 China
63%
192 South Korea
58%
5 Abkhazia
56%
5 South Ossetia
54%
192 Cyprus
50%
1 Northern Cyprus
42%
1 Niue
8%
1 Cook Islands
6%
1 Sovereign MilitaryOrder of Malta
2%
No matching quizzes found
Score Distribution
Percent of People with Each Score
Percentile by Number Answered
Your Score History
You have not taken this quiz